[Event "Stavanger op"]
[Site "Stavanger"]
[Date "2018.10.11"]
[Round "3"]
[White "Tofte, Sondre Waage"]
[Black "Unneland, Mathias"]
[Result "1-0"]
[WhiteElo "2216"]
[BlackElo "1884"]
[PlyCount "37"]
[EventDate "2018.10.10"]
[EventType "swiss"]
[EventRounds "9"]
[EventCountry "NOR"]
[SourceTitle "CBM 186 Extra"]
[Source "ChessBase"]
[SourceDate "2018.08.24"]
[SourceVersion "1"]
[SourceVersionDate "2018.08.24"]
[SourceQuality "1"]

1. e4 e6 2. d4 d5 3. Nd2 Nc6 4. Ngf3 Nf6 5. e5 Nd7 6. Bb5 f6 7. 0-0 fxe5 8. Bxc6 bxc6 9. Nxe5 Nxe5 10. dxe5 Qg5 11. Nf3 Qh5 12. c4 Bc5 13. cxd5 Ba6 14. dxe6 Rd8 15. Qc2 0-0 16. Qxc5 Rxf3 17. e7 Rb8 18. Qxa7 Re8 19. Qxa6 1-0

[Event "Stavanger op"]
[Site "Stavanger"]
[Date "2018.10.10"]
[Round "1"]
[White "Tofte, Sondre Waage"]
[Black "Melkevik, Egil"]
[Result "1-0"]
[WhiteElo "2216"]
[BlackElo "1768"]
[PlyCount "65"]
[EventDate "2018.10.10"]
[EventType "swiss"]
[EventRounds "9"]
[EventCountry "NOR"]
[SourceTitle "CBM 186 Extra"]
[Source "ChessBase"]
[SourceDate "2018.08.24"]
[SourceVersion "1"]
[SourceVersionDate "2018.08.24"]
[SourceQuality "1"]

1. e4 b6 2. d4 Bb7 3. Nc3 e6 4. Bd3 Bb4 5. Nge2 c5 6. 0-0 cxd4 7. Nxd4 Bxc3 8. bxc3 a6 9. Qg4 Nf6 10. Qxg7 Rg8 11. Qh6 Nxe4 12. f3 Nxc3 13. Qxh7 Rf8 14. Bh6 Qf6 15. Bg7 Qf4 16. Rae1 Nc6 17. Nxc6 Bxc6 18. Bxc3 Ke7 19. Be5 Qg5 20. h4 Qd2 21. Re2 Qb4 22. c3 Qa4 23. Rfe1 d6 24. Bg7 Rg8 25. Bg6 Bd5 26. Bf6+ Kd7 27. Qxf7+ Kc6 28. c4 Bxf3 29. gxf3 Qxc4 30. Bg7 Qxh4 31. Rc1+ Kb5 32. Qd7+ Kb4 33. Rb2+ 1-0

[Event "NOR-chT 1516"]
[Site "Norway"]
[Date "2016.01.17"]
[Round "6.3"]
[White "Tofte, Sondre Waage"]
[Black "Machlik, Monika"]
[Result "1-0"]
[WhiteElo "2192"]
[BlackElo "2060"]
[PlyCount "105"]
[EventDate "2015.10.30"]
[EventType "team-tourn"]
[EventRounds "9"]
[EventCountry "NOR"]
[SourceTitle "CBM 170 Extra"]
[Source "ChessBase"]
[SourceDate "2016.02.25"]
[SourceVersion "1"]
[SourceVersionDate "2016.02.25"]
[SourceQuality "1"]
[WhiteTeam "Trondheim"]
[BlackTeam "Tromsoe"]
[WhiteTeamCountry "NOR"]
[BlackTeamCountry "NOR"]

1. e4 c6 2. d4 d5 3. Nc3 dxe4 4. Nxe4 Bf5 5. Ng3 Bg6 6. h4 h6 7. h5 Bh7 8. Nf3 Nd7 9. Bd3 Bxd3 10. Qxd3 e6 11. Bf4 Qa5+ 12. Bd2 Qc7 13. 0-0-0 Ngf6 14. Ne4 0-0-0 15. g3 Nc5 16. Nxc5 Bxc5 17. c4 Qe7 18. Bc3 Bb4 19. Bxb4 Qxb4 20. Ne5 Qe7 21. Kb1 Nd7 22. Rhe1 Nxe5 23. Rxe5 Qf6 24. f4 Rd7 25. Qe3 Rhd8 26. a3 Kb8 27. Ka2 Rd6 28. b4 R8d7 29. Kb3 Qd8 30. Kc3 Qc7 31. g4 Qd8 32. f5 Qh4 33. fxe6 fxe6 34. Rxe6 Qxg4 35. Rxd6 Rxd6 36. Rg1 Qd7 37. Qe5 Qe6 38. Rxg7 a6 39. Rg6 Qxe5 40. dxe5 Rd1 41. Rxh6 Kc7 42. Rh7+ Kc8 43. h6 Rh1 44. Kd4 b6 45. Ke4 Rh5 46. e6 Kd8 47. Kf4 Ke8 48. Kg4 Rh1 49. Kg5 Rg1+ 50. Kf6 Rf1+ 51. Ke5 c5 52. bxc5 bxc5 53. Ra7 1-0

[Event "NOR-chT 1516"]
[Site "Norway"]
[Date "2015.11.01"]
[Round "3.5"]
[White "Gabrielsen, Stig"]
[Black "Tofte, Sondre Waage"]
[Result "1-0"]
[WhiteElo "2330"]
[BlackElo "2192"]
[PlyCount "49"]
[EventDate "2015.10.30"]
[EventType "team-tourn"]
[EventRounds "9"]
[EventCountry "NOR"]
[SourceTitle "CBM 169 Extra"]
[Source "ChessBase"]
[SourceDate "2015.12.18"]
[SourceVersion "1"]
[SourceVersionDate "2015.12.18"]
[SourceQuality "1"]
[WhiteTeam "Bergens"]
[BlackTeam "Trondheim"]
[WhiteTeamCountry "NOR"]
[BlackTeamCountry "NOR"]

1. e4 e5 2. Nf3 Nc6 3. Bb5 a6 4. Ba4 Nf6 5. 0-0 Be7 6. Re1 b5 7. Bb3 0-0 8. d4 Nxd4 9. Nxd4 exd4 10. e5 Ne8 11. Qxd4 Bb7 12. c4 c5 13. Qd3 d5 14. Bc2 g6 15. cxd5 Bxd5 16. Nc3 Bc6 17. Qh3 Qc8 18. Qg3 f6 19. Bxg6 hxg6 20. Qxg6+ Kh8 21. Re3 Bd7 22. Qh5+ Kg8 23. Rg3+ Ng7 24. Rxg7+ Kxg7 25. Bh6+ 1-0

[Event "NOR-chT Clubs"]
[Site "Drammen"]
[Date "2010.10.08"]
[Round "1.67"]
[White "Mikalsen, Harald"]
[Black "Tofte, Sondre Waage"]
[Result "0-1"]
[WhiteElo "1696"]
[BlackElo "2229"]
[PlyCount "42"]
[EventDate "2010.10.08"]
[EventType "team"]
[EventRounds "6"]
[EventCountry "NOR"]
[SourceTitle "EXT 2015"]
[Source "ChessBase"]
[SourceDate "2014.11.20"]
[SourceVersion "1"]
[SourceVersionDate "2014.11.20"]
[SourceQuality "1"]
[WhiteTeam "Alta"]
[BlackTeam "Stavanger"]
[WhiteTeamCountry "NOR"]
[BlackTeamCountry "NOR"]

1. e4 e5 2. Nf3 Nc6 3. Bb5 a6 4. Ba4 Nf6 5. 0-0 Be7 6. c3 Nxe4 7. Bxc6 dxc6 8. Nxe5 Qd5 9. d4 c5 10. f3 Nf6 11. Be3 Be6 12. c4 Qd6 13. Qa4+ c6 14. Rd1 0-0 15. Qa5 b5 16. cxb5 axb5 17. Qc3 Nd5 18. dxc5 Qc7 19. Qd4 Ra4 20. Qd2 Qxe5 21. Bd4 Rxd4 0-1

[Event "NOR-ch"]
[Site "Fredrikstad"]
[Date "2010.07.06"]
[Round "5"]
[White "Stubberud, Ornulf A"]
[Black "Tofte, Sondre Waage"]
[Result "1/2-1/2"]
[WhiteElo "2276"]
[BlackElo "2205"]
[PlyCount "99"]
[EventDate "2010.07.03"]
[EventType "swiss"]
[EventRounds "9"]
[EventCountry "NOR"]
[SourceTitle "CBM 137 Extra"]
[Source "ChessBase"]
[SourceDate "2010.09.01"]
[SourceVersion "1"]
[SourceVersionDate "2010.09.01"]
[SourceQuality "1"]

1. e4 e5 2. Nf3 Nc6 3. Bb5 a6 4. Ba4 Nf6 5. 0-0 Be7 6. Re1 b5 7. Bb3 d6 8. c3 0-0 9. h3 Na5 10. Bc2 c5 11. d4 Qc7 12. d5 c4 13. Nbd2 Nb7 14. Nf1 Nc5 15. N3h2 Re8 16. g4 h6 17. Ng3 Nh7 18. Nf5 Bg5 19. Bxg5 hxg5 20. Nf3 g6 21. Ne3 Kg7 22. Qd2 Qe7 23. b3 cxb3 24. axb3 Bb7 25. Ra5 Rh8 26. c4 Qf6 27. Kg2 Qf4 28. b4 Nd7 29. cxb5 axb5 30. Rxb5 Ba6 31. Ra5 Nhf6 32. Nd1 Rhb8 33. Ne3 Rh8 34. Nf1 Rhc8 35. Ne3 Rh8 36. Nxg5 Nxg4 37. Nf5+ gxf5 38. Qxf4 exf4 39. hxg4 fxg4 40. b5 Bb7 41. Rxa8 Bxa8 42. Ra1 Kg6 43. Nxf7 Kxf7 44. Ra7 Ke7 45. b6 Rb8 46. Bd1 g3 47. fxg3 fxg3 48. Bg4 Bb7 49. Bxd7 Kxd7 50. Kxg3 1/2-1/2

[Event "NOR-ch"]
[Site "Fredrikstad"]
[Date "2010.07.05"]
[Round "3"]
[White "Tofte, Sondre Waage"]
[Black "Martinsen, Stig K"]
[Result "1-0"]
[WhiteElo "2205"]
[BlackElo "2229"]
[PlyCount "61"]
[EventDate "2010.07.03"]
[EventType "swiss"]
[EventRounds "9"]
[EventCountry "NOR"]
[SourceTitle "CBM 137 Extra"]
[Source "ChessBase"]
[SourceDate "2010.09.01"]
[SourceVersion "1"]
[SourceVersionDate "2010.09.01"]
[SourceQuality "1"]

1. e4 e6 2. d4 d5 3. Nd2 Be7 4. Ngf3 Nf6 5. e5 Nfd7 6. Bd3 c5 7. c3 b6 8. Qe2 a5 9. dxc5 Nxc5 10. Bb5+ Bd7 11. Nd4 0-0 12. f4 Bxb5 13. Nxb5 Nc6 14. Nf3 a4 15. 0-0 f6 16. Be3 fxe5 17. Nxe5 Nxe5 18. fxe5 Qd7 19. Nd4 Qc7 20. Bf4 Rf7 21. Qg4 Re8 22. Rf3 Qd7 23. Raf1 Bf8 24. h4 Ne4 25. h5 Kh8 26. h6 gxh6 27. Qh5 Ree7 28. Bxh6 Rxf3 29. Rxf3 Bxh6 30. Qxh6 Re8 31. Rf8+ 1-0

[Event "NOR-chT Clubs"]
[Site "Bekkestua"]
[Date "2009.10.23"]
[Round "1"]
[White "Tofte, Sondre Waage"]
[Black "Undheim, Bjarne"]
[Result "1-0"]
[WhiteElo "2231"]
[BlackElo "1702"]
[PlyCount "71"]
[EventDate "2009.10.23"]
[EventType "team-swiss"]
[EventRounds "6"]
[EventCountry "NOR"]
[SourceTitle "EXT 2012"]
[Source "ChessBase"]
[SourceDate "2011.11.24"]
[SourceVersion "1"]
[SourceVersionDate "2011.11.24"]
[SourceQuality "1"]

1. e4 d5 2. exd5 Nf6 3. d4 Bg4 4. Bb5+ Nbd7 5. Be2 Bxe2 6. Nxe2 Nxd5 7. 0-0 g6 8. c4 N5f6 9. Nbc3 Bg7 10. Bg5 0-0 11. Qb3 Qc8 12. Rad1 e5 13. d5 Nc5 14. Qc2 Qg4 15. f4 exf4 16. Bxf6 Bxf6 17. Rxf4 Qg5 18. h4 Qe5 19. Rdf1 Qe3+ 20. Kh1 Bg7 21. b4 Nd7 22. Ne4 Be5 23. R4f3 Qb6 24. a3 a5 25. c5 Qa6 26. Ng5 axb4 27. axb4 Bg7 28. Rxf7 Rxf7 29. Rxf7 Ne5 30. Rxc7 Qf6 31. Qe4 Ra1+ 32. Kh2 Ra8 33. Qf4 Qa6 34. Rxg7+ Kxg7 35. Ne6+ Kg8 36. Qxe5 1-0

[Event "Arctic Chess Challenge"]
[Site "Tromsoe"]
[Date "2009.08.07"]
[Round "7"]
[White "Welling, Gerard J"]
[Black "Tofte, Sondre Waage"]
[Result "1-0"]
[WhiteElo "2363"]
[BlackElo "2119"]
[PlyCount "56"]
[EventDate "2009.08.01"]
[EventType "swiss"]
[EventRounds "9"]
[EventCountry "NOR"]
[SourceTitle "CBM 131 Extra"]
[Source "ChessBase"]
[SourceDate "2009.09.03"]
[SourceVersion "2"]
[SourceVersionDate "2009.09.16"]
[SourceQuality "1"]

1. d4 Nf6 2. Nf3 e6 3. e3 d5 4. Bd3 c5 5. c3 Nc6 6. Nbd2 Bd6 7. 0-0 0-0 8. dxc5 Bxc5 9. e4 Bb6 10. Qe2 h6 11. b4 d4 12. b5 dxc3 13. bxc6 cxd2 14. Bxd2 bxc6 15. e5 Nd5 16. Rac1 Bd7 17. Qe4 f5 18. exf6 Nxf6 19. Qe2 Qc7 20. Bc3 Rad8 21. Be5 Qc8 22. Bd6 Nd5 23. Bxf8 Nf4 24. Bh7+ Kxh7 25. Qe4+ Ng6 26. Be7 Rg8 27. Ne5 Qe8 28. Rcd1 Bc7 1-0

[Event "Arctic Chess Challenge"]
[Site "Tromsoe"]
[Date "2009.08.06"]
[Round "6"]
[White "Tofte, Sondre Waage"]
[Black "Leniart, Arkadiusz"]
[Result "0-1"]
[WhiteElo "2119"]
[BlackElo "2390"]
[PlyCount "68"]
[EventDate "2009.08.01"]
[EventType "swiss"]
[EventRounds "9"]
[EventCountry "NOR"]
[SourceTitle "CBM 131 Extra"]
[Source "ChessBase"]
[SourceDate "2009.09.03"]
[SourceVersion "2"]
[SourceVersionDate "2009.09.16"]
[SourceQuality "1"]

1. e4 c5 2. Nf3 Nc6 3. d4 cxd4 4. Nxd4 Nf6 5. Nc3 e5 6. Ndb5 d6 7. Bg5 a6 8. Na3 b5 9. Nd5 Be7 10. Bxf6 Bxf6 11. c3 Bg5 12. Bd3 0-0 13. Nc2 Be6 14. 0-0 Ne7 15. a4 bxa4 16. Rxa4 Bxd5 17. exd5 a5 18. Qh5 Ng6 19. Rfa1 f5 20. g3 Rb8 21. Rxa5 e4 22. Be2 f4 23. Nd4 Qf6 24. Rf1 f3 25. Bb5 Rf7 26. Qg4 e3 27. Qe6 e2 28. Rfa1 Ne5 29. Ra6 Bd2 30. Nc2 h5 31. Ne1 Bxe1 32. Rxe1 Rxb5 33. Qe8+ Rf8 34. Qxb5 Qf5 0-1

[Event "Arctic Chess Challenge"]
[Site "Tromsoe"]
[Date "2009.08.04"]
[Round "4"]
[White "Groetz, Harald"]
[Black "Tofte, Sondre Waage"]
[Result "1/2-1/2"]
[WhiteElo "2350"]
[BlackElo "2119"]
[PlyCount "76"]
[EventDate "2009.08.01"]
[EventType "swiss"]
[EventRounds "9"]
[EventCountry "NOR"]
[SourceTitle "CBM 131 Extra"]
[Source "ChessBase"]
[SourceDate "2009.09.03"]
[SourceVersion "2"]
[SourceVersionDate "2009.09.16"]
[SourceQuality "1"]

1. Nf3 Nf6 2. g3 d5 3. c4 d4 4. d3 c5 5. b4 cxb4 6. a3 e6 7. Bg2 Nc6 8. 0-0 bxa3 9. Bxa3 Bxa3 10. Rxa3 0-0 11. Nbd2 e5 12. Qa1 Qc7 13. Rb1 Bd7 14. Nb3 b6 15. Nfd2 a5 16. c5 b5 17. Bxc6 Qxc6 18. Rxa5 Nd5 19. Ne4 f5 20. Nd6 Nc3 21. Rb2 Qd5 22. f3 Bc6 23. Rxa8 Rxa8 24. Qe1 g6 25. Qd2 Na4 26. Nxf5 gxf5 27. Qg5+ Kh8 28. Qf6+ Kg8 29. Qg5+ Kf8 30. Qxf5+ Qf7 31. Qxe5 Nxb2 32. Nxd4 Bd5 33. Nf5 Na4 34. c6 Nb6 35. Qh8+ Qg8 36. Qf6+ Qf7 37. Qh8+ Qg8 38. Qf6+ Qf7 1/2-1/2

[Event "Arctic Chess Challenge"]
[Site "Tromsoe"]
[Date "2009.08.03"]
[Round "3"]
[White "Tofte, Sondre Waage"]
[Black "Bruno, Fabio"]
[Result "0-1"]
[WhiteElo "2119"]
[BlackElo "2455"]
[PlyCount "76"]
[EventDate "2009.08.01"]
[EventType "swiss"]
[EventRounds "9"]
[EventCountry "NOR"]
[SourceTitle "CBM 131 Extra"]
[Source "ChessBase"]
[SourceDate "2009.09.03"]
[SourceVersion "2"]
[SourceVersionDate "2009.09.16"]
[SourceQuality "1"]

1. e4 c5 2. Nf3 e6 3. d4 cxd4 4. Nxd4 Nc6 5. Nc3 Qc7 6. Be3 Nf6 7. Qd2 a6 8. 0-0-0 Be7 9. f3 h5 10. Kb1 d6 11. f4 Bd7 12. Be2 Rc8 13. Rhe1 g6 14. f5 Ne5 15. Bg5 b5 16. fxe6 fxe6 17. Bxb5 axb5 18. Ndxb5 Bxb5 19. Nxb5 Qb8 20. Bxf6 Bxf6 21. Qxd6 Kf7 22. a4 Rhd8 23. Qb4 Kg7 24. b3 Nc6 25. Qa3 Qe5 26. Nd6 Nb4 27. Nxc8 Qc3 28. Rc1 Rxc8 29. e5 Bg5 30. Qb2 Qc5 31. Rcd1 Nxc2 32. Rd7+ Kg8 33. Red1 Nb4 34. g3 Nd5 35. Rf1 Be3 36. Rff7 Bd4 37. Qd2 Nc3+ 38. Ka1 Qa3+ 0-1

[Event "Gjovik op"]
[Site "Gjovik"]
[Date "2009.01.06"]
[Round "8"]
[White "Makka, Ioulia"]
[Black "Tofte, Sondre Waage"]
[Result "1-0"]
[WhiteElo "2220"]
[BlackElo "2120"]
[PlyCount "125"]
[EventDate "2008.12.29"]
[EventType "swiss"]
[EventRounds "9"]
[EventCountry "NOR"]
[SourceTitle "CBM 130 Extra"]
[Source "ChessBase"]
[SourceDate "2009.07.02"]
[SourceVersion "2"]
[SourceVersionDate "2009.07.15"]
[SourceQuality "1"]

1. e4 e5 2. Nf3 Nc6 3. Bb5 a6 4. Ba4 Nf6 5. Bxc6 dxc6 6. d3 Bd6 7. Nbd2 Be6 8. b3 Nd7 9. Bb2 Qf6 10. Nf1 0-0-0 11. Ne3 Bb4+ 12. Ke2 g5 13. a3 Ba5 14. Nd2 Bb6 15. Qe1 Nf8 16. Nec4 Bd4 17. Bxd4 Rxd4 18. Kd1 Ng6 19. g3 h5 20. Kc1 h4 21. Kb2 Rh7 22. Qe3 Bxc4 23. Nxc4 Qd8 24. Nd2 f6 25. Nf3 Rd6 26. Qa7 Kd7 27. Qxb7 c5 28. b4 Rc6 29. bxc5 Qe7 30. d4 g4 31. Nd2 exd4 32. Nb3 hxg3 33. hxg3 Rxh1 34. Rxh1 Qxe4 35. Rd1 Ke7 36. Rxd4 Qf3 37. Rd3 Qh1 38. Na5 Ne5 39. Nxc6+ Qxc6 40. Qxc6 Nxc6 41. Kb3 Ke6 42. Kc3 f5 43. Kd2 Ne5 44. Rb3 Nc4+ 45. Kd3 Kd5 46. a4 a5 47. Rb8 c6 48. Rb6 Ne5+ 49. Ke3 Kxc5 50. Ra6 Kb4 51. Kf4 Nc4 52. Rxc6 Nd2 53. Rb6+ Kxa4 54. Kxf5 Nc4 55. Rb8 Na3 56. Kxg4 Nxc2 57. f4 Nb4 58. f5 Nc6 59. Rb6 Ne5+ 60. Kh5 Nd7 61. Rd6 Nc5 62. f6 Kb3 63. f7 1-0

[Event "Gjovik op"]
[Site "Gjovik"]
[Date "2008.12.31"]
[Round "3"]
[White "Tofte, Sondre Waage"]
[Black "Gyldenas, Ole Jorn"]
[Result "1-0"]
[WhiteElo "2120"]
[BlackElo "2075"]
[PlyCount "74"]
[EventDate "2008.12.29"]
[EventType "swiss"]
[EventRounds "9"]
[EventCountry "NOR"]
[SourceTitle "CBM 130 Extra"]
[Source "ChessBase"]
[SourceDate "2009.07.02"]
[SourceVersion "2"]
[SourceVersionDate "2009.07.15"]
[SourceQuality "1"]

1. e4 e6 2. d4 d5 3. Nd2 Nf6 4. e5 Nfd7 5. Bd3 c5 6. c3 Nc6 7. Ndf3 cxd4 8. cxd4 Qb6 9. Ne2 f6 10. exf6 Nxf6 11. 0-0 Bd6 12. Bf4 Qc7 13. Bxd6 Qxd6 14. Re1 0-0 15. Nc3 Kh8 16. Bc2 Bd7 17. Ne5 Be8 18. a3 Qe7 19. Qd3 g5 20. Nxc6 Bxc6 21. Qe3 Qg7 22. Qxe6 Rae8 23. Qd6 Ne4 24. Bxe4 dxe4 25. d5 Qd4 26. Qg3 Bd7 27. Rad1 Qb6 28. Nxe4 Qxb2 29. Nxg5 Rd8 30. Re7 Bf5 31. Nf7+ Rxf7 32. Rxf7 Bg6 33. Re7 Qf6 34. Qe5 Qxe5 35. Rxe5 Kg7 36. Re7+ Kf6 37. Rxb7 a5 1-0

[Event "Gjovik op"]
[Site "Gjovik"]
[Date "2008.12.29"]
[Round "1"]
[White "Tofte, Sondre Waage"]
[Black "Kaplan, Sasha"]
[Result "0-1"]
[WhiteElo "2120"]
[BlackElo "2425"]
[PlyCount "86"]
[EventDate "2008.12.29"]
[EventType "swiss"]
[EventRounds "9"]
[EventCountry "NOR"]
[SourceTitle "CBM 130 Extra"]
[Source "ChessBase"]
[SourceDate "2009.07.02"]
[SourceVersion "2"]
[SourceVersionDate "2009.07.15"]
[SourceQuality "1"]

1. e4 c5 2. Nf3 e6 3. d4 cxd4 4. Nxd4 a6 5. Nc3 Qc7 6. Be2 Nf6 7. Bf3 Nc6 8. Bg5 Be7 9. Qd2 0-0 10. 0-0 h6 11. Be3 Ne5 12. Rad1 b5 13. Bf4 b4 14. Nce2 Bb7 15. Ng3 Rac8 16. Kh1 Kh7 17. Nh5 Qc5 18. Nxg7 Kxg7 19. Bxh6+ Kh7 20. Bxf8 Rxf8 21. Qf4 Nxf3 22. gxf3 Nh5 23. Qg4 Qg5 24. Ne2 d5 25. Rg1 Qxg4 26. fxg4 Nf6 27. h3 Nxe4 28. Rgf1 Rc8 29. Nd4 Bf6 30. Kg1 Rc4 31. Nb3 Rxc2 32. Rc1 Rxc1 33. Rxc1 d4 34. Rc7 Bd5 35. Rxf7+ Kg6 36. Ra7 Bxb3 37. axb3 d3 38. Rd7 Nc5 39. Rd6 Bxb2 40. Kf1 Bc3 41. Rc6 Nxb3 42. Rxe6+ Kf7 43. Rxa6 Nd4 0-1

[Event "Arctic Chess Challenge"]
[Site "Tromsoe"]
[Date "2008.08.08"]
[Round "7"]
[White "Tofte, Sondre Waage"]
[Black "Madland, Kristoffer"]
[Result "1-0"]
[WhiteElo "2122"]
[BlackElo "2004"]
[PlyCount "79"]
[EventDate "2008.08.02"]
[EventType "swiss"]
[EventRounds "9"]
[EventCountry "NOR"]
[SourceTitle "CBM 125 Extra"]
[Source "ChessBase"]
[SourceDate "2008.09.01"]
[SourceVersion "1"]
[SourceVersionDate "2008.09.01"]
[SourceQuality "1"]

1. e4 c5 2. Nf3 d6 3. d4 cxd4 4. Nxd4 Nf6 5. Nc3 g6 6. Be3 Bg7 7. f3 0-0 8. Qd2 Nc6 9. Bc4 Bd7 10. 0-0-0 Rc8 11. Bb3 Ne5 12. h4 h5 13. Kb1 Nc4 14. Bxc4 Rxc4 15. g4 hxg4 16. h5 Nxh5 17. fxg4 Bxg4 18. Rdg1 Qd7 19. Rh4 Nf6 20. Bh6 Rxd4 21. Qxd4 Bxh6 22. Rxh6 Kg7 23. Rh4 e5 24. Qxa7 Rc8 25. Qe3 Bh5 26. Qg5 Rh8 27. a3 b5 28. Rh2 Ng4 29. Rhg2 f6 30. Qd2 f5 31. Qd3 Rb8 32. Nd5 f4 33. Qh3 Nf6 34. Qh4 Nxd5 35. Qxh5 Ne7 36. Rxg6+ Nxg6 37. Rxg6+ Kf8 38. Qh8+ Kf7 39. Qf6+ Ke8 40. Rg8# 1-0

[Event "Arctic Chess Challenge"]
[Site "Tromsoe"]
[Date "2008.08.07"]
[Round "6"]
[White "Zozulia, Anna"]
[Black "Tofte, Sondre Waage"]
[Result "1-0"]
[WhiteElo "2346"]
[BlackElo "2122"]
[PlyCount "81"]
[EventDate "2008.08.02"]
[EventType "swiss"]
[EventRounds "9"]
[EventCountry "NOR"]
[SourceTitle "CBM 125 Extra"]
[Source "ChessBase"]
[SourceDate "2008.09.01"]
[SourceVersion "1"]
[SourceVersionDate "2008.09.01"]
[SourceQuality "1"]

1. c4 e5 2. Nc3 Nc6 3. Nf3 f5 4. d4 e4 5. d5 exf3 6. dxc6 fxg2 7. cxd7+ Qxd7 8. Bxg2 Qxd1+ 9. Kxd1 c6 10. b3 Nf6 11. Bf4 Bc5 12. e3 0-0 13. Kc2 Nh5 14. Ne2 Nxf4 15. Nxf4 g5 16. Nd3 Bb6 17. c5 Bc7 18. f4 h6 19. h3 Be6 20. Bf3 Kg7 21. Raf1 Rae8 22. Rhg1 Kf6 23. fxg5+ hxg5 24. e4 f4 25. h4 gxh4 26. Bh5 Rd8 27. Rg6+ Ke7 28. Rg7+ Kf6 29. Rxc7 h3 30. Nxf4 h2 31. Ng6+ Kg5 32. Nxf8 Rxf8 33. Rh1 Rf2+ 34. Kc3 Bh3 35. Bd1 Rxa2 36. Rh7 Bg2 37. R1xh2 Kf4 38. Rg7 Ra1 39. Rgxg2 Rxd1 40. Re2 a5 41. e5 1-0

[Event "Arctic Chess Challenge"]
[Site "Tromsoe"]
[Date "2008.08.03"]
[Round "2"]
[White "Turner, Matthew"]
[Black "Tofte, Sondre Waage"]
[Result "1-0"]
[WhiteElo "2493"]
[BlackElo "2122"]
[PlyCount "63"]
[EventDate "2008.08.02"]
[EventType "swiss"]
[EventRounds "9"]
[EventCountry "NOR"]
[SourceTitle "CBM 125 Extra"]
[Source "ChessBase"]
[SourceDate "2008.09.01"]
[SourceVersion "1"]
[SourceVersionDate "2008.09.01"]
[SourceQuality "1"]

1. e4 e5 2. Nc3 Nf6 3. g3 Nc6 4. Bg2 Bc5 5. Nge2 0-0 6. 0-0 d6 7. h3 Be6 8. Nd5 Nd7 9. c3 Bxd5 10. exd5 Ne7 11. d4 Bb6 12. Kh2 f5 13. dxe5 dxe5 14. d6 Nc6 15. f4 e4 16. g4 fxg4 17. hxg4 Rf6 18. Qd5+ Kh8 19. g5 Rxd6 20. Qxe4 Nc5 21. Qc2 Nd3 22. Ng3 Qe8 23. b3 Ne1 24. Qf5 Nxg2 25. Kxg2 Rad8 26. Ba3 Rd2+ 27. Kh3 R8d3 28. Kg4 Rxc3 29. Rae1 Qg8 30. Qxh7+ Kxh7 31. Rh1+ Kg6 32. f5+ 1-0